Les champions World Heavyweight de la WWE - Statistiques

Statistiques générales
  • Ce quiz a été pris 3 277 fois
  • Le résultat moyen est 46 sur 55
Statistiques - réponses
Date du titre Réponse % Correct
23 novembre 2008 John Cena
98%
5 avril 2009 John Cena
98%
27 octobre 2013 John Cena
98%
15 aout 2004 Randy Orton
96%
6 mai 2011 Randy Orton
96%
14 aout 2011 Randy Orton
96%
15 décembre 2013 Randy Orton
96%
2 septembre 2002 Triple H
95%
15 décembre 2002 Triple H
95%
14 décembre 2003 Triple H
95%
12 septembre 2004 Triple H
95%
9 janvier 2005 Triple H
95%
1 avril 2007 Undertaker
94%
30 mars 2008 Undertaker
94%
4 octobre 2009 Undertaker
94%
3 avril 2005 Batista
92%
26 novembre 2006 Batista
92%
16 septembre 2007 Batista
92%
26 octobre 2008 Batista
92%
8 mai 2007 Edge
92%
16 décembre 2007 Edge
92%
1 juin 2008 Edge
92%
15 février 2009 Edge
92%
26 avril 2009 Edge
92%
19 décembre 2010 Edge
92%
18 février 2011 Edge
92%
2 avril 2006 Rey Mysterio
89%
20 juin 2010 Rey Mysterio
89%
18 décembre 2011 Big Show
87%
28 octobre 2012 Big Show
87%
30 juin 2008 CM Punk
87%
7 juin 2009 CM Punk
87%
23 aout 2009 CM Punk
87%
18 juillet 2010 Kane
86%
7 juin 2009 Jeff Hardy
80%
26 juillet 2009 Jeff Hardy
80%
1 avril 2012 Sheamus
78%
8 janvier 2013 Alberto Del Rio
77%
16 juin 2013 Alberto Del Rio
77%
18 septembre 2011 Mark Henry
77%
17 novembre 2002 Shawn Michaels
77%
7 septembre 2008 Chris Jericho
76%
3 novembre 2008 Chris Jericho
76%
21 février 2010 Chris Jericho
76%
18 décembre 2011 Daniel Bryan
73%
14 mars 2004 Chris Benoit
68%
1 mai 2011 Christian
68%
17 juillet 2011 Christian
68%
18 février 2011 Dolph Ziggler
66%
8 avril 2013 Dolph Ziggler
66%
10 janvier 2006 Kurt Angle
64%
17 juillet 2007 The Great Khali
62%
2 avril 2010 Jack Swagger
59%
21 septembre 2003 Goldberg
52%
23 juillet 2006 King Booker
46%
Aucun quiz correspondant
Distribution des résultats
% des personnes avec chaque résultat
Percentile par nombre de réponses
Votre historique - résultats
Vous n’avez pas pris ce quiz